|
|
|
|
| LEADER |
03916nam a22005415i 4500 |
| 001 |
978-3-319-46331-5 |
| 003 |
DE-He213 |
| 005 |
20171031161030.0 |
| 007 |
cr nn 008mamaa |
| 008 |
170106s2017 gw | s |||| 0|eng d |
| 020 |
|
|
|a 9783319463315
|9 978-3-319-46331-5
|
| 024 |
7 |
|
|a 10.1007/978-3-319-46331-5
|2 doi
|
| 040 |
|
|
|d GrThAP
|
| 245 |
1 |
0 |
|a Agent-Based Modeling of Sustainable Behaviors
|h [electronic resource] /
|c edited by Amparo Alonso-Betanzos, Noelia Sánchez-Maroño, Oscar Fontenla-Romero, J. Gary Polhill, Tony Craig, Javier Bajo, Juan Manuel Corchado.
|
| 264 |
|
1 |
|a Cham :
|b Springer International Publishing :
|b Imprint: Springer,
|c 2017.
|
| 300 |
|
|
|a XVII, 257 p. 86 illus., 67 illus. in color.
|b online resource.
|
| 336 |
|
|
|a text
|b txt
|2 rdacontent
|
| 337 |
|
|
|a computer
|b c
|2 rdamedia
|
| 338 |
|
|
|a online resource
|b cr
|2 rdacarrier
|
| 347 |
|
|
|a text file
|b PDF
|2 rda
|
| 490 |
1 |
|
|a Understanding Complex Systems,
|x 1860-0832
|
| 505 |
0 |
|
|a Psychologically Plausible Models in Agent-Based Simulations of Sustainable Behavior -- Modelling Everyday Pro-Environmental Norm Transmission and Diffusion in Workplace Networks -- Empirically-Derived Behavioral Rules in Agent-Based Models Using Decision Trees Learned From Questionnaire Data -- The Implementation of the Theory of Planned Behavior in an Agent-Based Model for Waste Recycling: A Review and a Proposal -- Social Simulations Through an Agent-Based Platform, Location Data and 3D Models -- An Intersection-Centric Auction-Based Traffic Signal Control Framework -- Agentdrive: Agent-Based Simulator for Intelligent Cars and its Application for Development of a Lane-Changing Assistant -- City Parking Allocations as a Bundle of Society-Aware Deals -- Sustainable Farming Behaviours: an Agent Based Modelling and LCA Perspective -- Agent-Based Simulation of Electricity Markets: Risk Management and Contracts for Difference -- Energy Management in the Smart Grids via Intelligent Storage Systems.
|
| 520 |
|
|
|a Using the O.D.D. (Overview, Design concepts, Detail) protocol, this title explores the role of agent-based modeling in predicting the feasibility of various approaches to sustainability. The chapters incorporated in this volume consist of real case studies to illustrate the utility of agent-based modeling and complexity theory in discovering a path to more efficient and sustainable lifestyles. The topics covered within include: households' attitudes toward recycling, designing decision trees for representing sustainable behaviors, negotiation-based parking allocation, auction-based traffic signal control, and others. This selection of papers will be of interest to social scientists who wish to learn more about agent-based modeling as well as experts in the field of agent-based modeling.
|
| 650 |
|
0 |
|a Social sciences.
|
| 650 |
|
0 |
|a Artificial intelligence.
|
| 650 |
|
0 |
|a Game theory.
|
| 650 |
|
0 |
|a Sustainable development.
|
| 650 |
|
0 |
|a Economic sociology.
|
| 650 |
1 |
4 |
|a Social Sciences.
|
| 650 |
2 |
4 |
|a Computational Social Sciences.
|
| 650 |
2 |
4 |
|a Game Theory, Economics, Social and Behav. Sciences.
|
| 650 |
2 |
4 |
|a Organizational Studies, Economic Sociology.
|
| 650 |
2 |
4 |
|a Artificial Intelligence (incl. Robotics).
|
| 650 |
2 |
4 |
|a Sustainable Development.
|
| 700 |
1 |
|
|a Alonso-Betanzos, Amparo.
|e editor.
|
| 700 |
1 |
|
|a Sánchez-Maroño, Noelia.
|e editor.
|
| 700 |
1 |
|
|a Fontenla-Romero, Oscar.
|e editor.
|
| 700 |
1 |
|
|a Polhill, J. Gary.
|e editor.
|
| 700 |
1 |
|
|a Craig, Tony.
|e editor.
|
| 700 |
1 |
|
|a Bajo, Javier.
|e editor.
|
| 700 |
1 |
|
|a Corchado, Juan Manuel.
|e editor.
|
| 710 |
2 |
|
|a SpringerLink (Online service)
|
| 773 |
0 |
|
|t Springer eBooks
|
| 776 |
0 |
8 |
|i Printed edition:
|z 9783319463308
|
| 830 |
|
0 |
|a Understanding Complex Systems,
|x 1860-0832
|
| 856 |
4 |
0 |
|u http://dx.doi.org/10.1007/978-3-319-46331-5
|z Full Text via HEAL-Link
|
| 912 |
|
|
|a ZDB-2-PHA
|
| 950 |
|
|
|a Physics and Astronomy (Springer-11651)
|